| 000 | 00549nam a22001697a 4500 | ||
|---|---|---|---|
| 008 | 150318b xxu||||| |||| 00| 0 eng d | ||
| 020 | _a0268013438 | ||
| 050 | _aQC171.2.M3 | ||
| 100 |
_aMcMullin, E. _916422 |
||
| 245 |
_aNewton on Matter and activity _c/by Ernan McMullin |
||
| 260 |
_aLondon _bUniversity of Notre dame Press _c1978 |
||
| 300 |
_aviii, 160p. ; _c21cm. |
||
| 650 |
_aMatter _xHistory _xSources _916423 |
||
| 650 |
_aNewton, Isaac, Sir, 1642-1727 _916414 |
||
| 650 |
_aMotion _xHistory _xSources _916424 |
||
| 942 |
_2lcc _cMONOGRAPH |
||
| 999 |
_c122465 _d122465 |
||